000 00400pab a2200169 454500
008 180718b2011 xxu||||| |||| 00| 0 eng d
100 _aHooja, Rakesh
245 _aUrbanisation, urban infrastructure and the common man
260 _c2011
300 _ap.V-XI.
362 _aJan-Mar
650 _aUrbanisation
700 _aGupta, Rakesh
773 _aNagarlok
908 _aN
909 _a92292
999 _c92292
_d92292